| 000 | 00859nam a2200205Ia 4500 | ||
|---|---|---|---|
| 003 | PE SENCICO BE | ||
| 005 | 20251020182425.0 | ||
| 008 | 200515s9999 xx 000 0 und d | ||
| 040 |
_aPE SENCICO BE _cPE SENCICO BE |
||
| 041 | _aspa | ||
| 082 |
_a516.22 _bG26 |
||
| 100 | 1 |
_aGarcía Roca, Abraham _92101 _eautor |
|
| 245 | 1 | 0 |
_aTeoría y problemas de geometría plana y del espacio / _cAbraham García Roca |
| 260 |
_aLima : _bSan Marcos ; _csin año |
||
| 300 |
_a128 p. : _bdiagrs. ; _c20 cm. |
||
| 505 | 0 | _aTriángulos -- Polígonos en general -- Circunferencia y círculo -- Semejanza de polígonos -- Relaciones métricas en los polígonos -- Polígonos regulares -- Área de las figuras planas -- Rectas y planos en el espacio -- Poliedros -- Cuerpos redondos | |
| 650 | 1 | 0 |
_aGeometría plana _91020 |
| 650 | 2 | 0 |
_aPoliedros _92102 |
| 942 |
_cLIB _2ddc |
||
| 999 |
_c90 _d90 |
||